US quarterly market perspective (Record no. 109220)
[ view plain ]
| 000 -LEADER | |
|---|---|
| fixed length control field | 01238cad a22002295a 4500 |
| 001 - CONTROL NUMBER | |
| control field | L146570 |
| 008 - FIXED-LENGTH DATA ELEMENTS--GENERAL INFORMATION | |
| fixed length control field | 090204s2009 xxkb f s 000 0 eng d |
| 035 ## - SYSTEM CONTROL NUMBER | |
| System control number | (Sirsi) u146570 |
| 041 0# - LANGUAGE CODE | |
| Language code of text/sound track or separate title | eng |
| 050 04 - LIBRARY OF CONGRESS CALL NUMBER | |
| Classification number | 333.33 $2 18 |
| 110 2# - MAIN ENTRY--CORPORATE NAME | |
| Corporate name or jurisdiction name as entry element | Pramerica Real Estate Investors |
| 9 (RLIN) | 5594 |
| 245 00 - TITLE STATEMENT | |
| Title | US quarterly market perspective |
| Medium | [electronic resource] |
| 260 ## - PUBLICATION, DISTRIBUTION, ETC. | |
| Place of publication, distribution, etc. | Parsipanny, NJ |
| Name of publisher, distributor, etc. | Pramerica Real Estate Investors |
| Date of publication, distribution, etc. | 2009 |
| 490 #0 - SERIES STATEMENT | |
| Series statement | PREI US Quarterly Market Perspective |
| Volume/sequential designation | January 2009 |
| 520 ## - SUMMARY, ETC. | |
| Summary, etc. | Quarterly report looks at commercial property investment in the US. Key points include suggestions that the commercial property market will continue to follow a downwards trend until perhaps 2010; the availability of commercial mortgage debt remains unclear and that the authors expect REITs to recover somewhat in 2009, after poor performance in 2008 (due, in part, to their association with mortgage debt and financial firms). |
| 521 ## - TARGET AUDIENCE NOTE | |
| Target audience note | Advanced |
| 590 ## - LOCAL NOTE (RLIN) | |
| Local note | KA NTK |
| 651 #4 - SUBJECT ADDED ENTRY--GEOGRAPHIC NAME | |
| Geographic name | United States |
| Chronological subdivision | 1959- |
| 690 ## - LOCAL SUBJECT ADDED ENTRY--TOPICAL TERM (OCLC, RLIN) | |
| Topical term or geographic name as entry element | PROPERTY-COMMERCIAL PROPERTY-COMMERCIAL PROPERTY MARKET |
| 856 40 - ELECTRONIC LOCATION AND ACCESS | |
| Uniform Resource Identifier | <a href="https://www.pramericarei.com/pramerica/pdf/realestate/Pra_US_Jan_09.pdf">https://www.pramericarei.com/pramerica/pdf/realestate/Pra_US_Jan_09.pdf</a> |
| Public note | View the item free of charge at www.pramericarei.com... |
| 942 ## - ADDED ENTRY ELEMENTS (KOHA) | |
| Suppress in OPAC | 0 |
| Withdrawn status | Lost status | Source of classification or shelving scheme | Damaged status | Not for loan | Home library | Current library | Shelving location | Date acquired | Total Checkouts | Full call number | Barcode | Date last seen | Copy number | Price effective from | Koha item type |
|---|---|---|---|---|---|---|---|---|---|---|---|---|---|---|---|
| Dewey Decimal Classification | Virtual | Virtual | Online | 04/02/2009 | ONLINE PUBLICATION | 146570-1001 | 06/08/2019 | 1 | 06/08/2019 | Book |